| 000 | 00513cam a22001934a 4500 | ||
|---|---|---|---|
| 005 | 20250605164153.0 | ||
| 008 | 250528s ||||||||||||||||||||||||d | ||
| 035 | _a19470 | ||
| 020 | _a9603900257 | ||
| 040 |
_aGR-AtMCL _bgre _dGR-AtMCL _eAACR2 |
||
| 245 | 1 | _aΛΟΓΙΣΤΙΚΗ ΕΜΠΟΡΙΚΩΝ ΕΤΑΙΡΕΙΩΝ | |
| 250 | _a1 | ||
| 260 |
_bInterbooks, _c1997 |
||
| 300 | _a439 | ||
| 700 | 1 |
_aΚαρδακαρης Κωνσταντινος _95720 |
|
| 942 | _cBK | ||
| 999 |
_c4726 _d4726 |
||